000 nam a22 7a 4500
999 _c5143
_d5143
005 20181001065533.0
008 180323b xxu||||| |||| 00| 0 eng d
020 _a9789710070763
_bpaperback
040 _beng
_cAPEC Schools Library
_erda
082 _aF 153.6
_bSa551h 2014
100 1 _aSanchez, Bo.
245 1 0 _aHow to deal with difficult people :
_blearn the art of protecting yourself from the vampires in your life - and loving them wisely /
_cby Bo Sanchez.
264 _aQuezon City, PH :
_bShepherd's Voice Publications,
_c©2014.
_d[2014].
300 _a130 pages ;
_c23 cm
336 _2rdacontent
_atext
337 _2rdamedia
_aunmediated
338 _2rdacarrier
_avolume
505 0 _aIntroduction 7 -- Book 1: When You're Surrounded by Vampires 11 -- How to Spot a Vampire 13 -- 3 General Kinds of Vampires 15 -- 8 Most Common Types of Vampires 19 -- Why Are Difficult People Difficult? 31 -- How to Protect Yourself from a Vampire 35 -- A Mysterious Old Man 37 -- Many Get Beaten to Eat the Bread 41 -- Protection #1: Walk Out and Find Bread Elsewhere 45 -- Protection #2: Protect Your Head and Eat your Bread 49 -- How to Transform a Vampire 55 -- Four Human Responses to Difficult People 57 -- How Do You Take the Stick Away? 63 -- A Story of Loving Vampires 67 -- Book 2: When You're the Vampire 71 -- Dealing with Impatience 73 -- Where Does Your Impatience Come From? 73 -- Where Does Your Impatience Come From? 75 -- What's Your Response to People's Faults? 79 -- Emergency Steps: Stop, Look and Listen 83 -- A Word to Parents with Temper Problems 89 -- Relax and Trust in God's Love More 93 -- Dealing with Envy 97 -- The Two Phases of Envy 99 -- How Do You Know If You Have Envy? 105 -- Going to the Root of All Envy 107 -- Two Powerful Steps to Get Rid of Envy 109 -- Dealing with Unforgiveness 115 -- Epilogue 129 -- About the Author 132
520 2 _a"After preaching a series of talks on How to Deal with Difficult People, many people came up to Bo Sanchez, scolding him for not giving this message sooner. Because for the first time in their lives, they felt liberated. Suddenly, they knew what to do with the toxic people in their lives. This book will emancipate many people from years and years of suffering. It will show you the path to authentic love."--
650 _aInterpersonal communication.
942 _2ddc
_cBK